Welcome to CU Library Online Public Access Catalogue (OPAC)

Jesus, our spiritual director : (Record no. 6117)

MARC details
000 -LEADER
fixed length control field 00679cam a22002054a 4500
001 - CONTROL NUMBER
control field 13329217
005 - DATE AND TIME OF LATEST TRANSACTION
control field 20250602091000.0
008 - FIXED-LENGTH DATA ELEMENTS--GENERAL INFORMATION
fixed length control field 030829s2004 tnu b 000 0 eng
020 ## - INTERNATIONAL STANDARD BOOK NUMBER
International Standard Book Number 0835898768 (pbk.)
050 00 - LIBRARY OF CONGRESS CALL NUMBER
Classification number BV5053
Item number .M54 2004
082 00 - DEWEY DECIMAL CLASSIFICATION NUMBER
Classification number 253.5/3
Edition information 22
100 1# - MAIN ENTRY--PERSONAL NAME
Personal name Miller, Wendy,
Dates associated with a name 1938-
245 10 - TITLE STATEMENT
Title Jesus, our spiritual director :
Remainder of title a pilgrimage through the Gospels /
Statement of responsibility, etc. Wendy J. Miller.
260 ## - PUBLICATION, DISTRIBUTION, ETC.
Place of publication, distribution, etc. Nashville :
Name of publisher, distributor, etc. Upper Room Books,
Date of publication, distribution, etc. c2004.
300 ## - PHYSICAL DESCRIPTION
Extent 207 p. ;
Dimensions 23 cm.
650 #0 - SUBJECT ADDED ENTRY--TOPICAL TERM
Topical term or geographic name entry element Spiritual direction.
650 #0 - SUBJECT ADDED ENTRY--TOPICAL TERM
Topical term or geographic name entry element Spiritual life
General subdivision Christianity.
856 41 - ELECTRONIC LOCATION AND ACCESS
Materials specified Table of contents
Uniform Resource Identifier <a href="http://www.loc.gov/catdir/toc/ecip048/2003019488.html">http://www.loc.gov/catdir/toc/ecip048/2003019488.html</a>
942 ## - ADDED ENTRY ELEMENTS (KOHA)
Source of classification or shelving scheme Library of Congress Classification
Koha item type Books
Suppress in OPAC No
999 ## -
-- 6117
-- 6117
Holdings
Withdrawn status Lost status Source of classification or shelving scheme Damaged status Not for loan Collection Home library Current library Shelving location Date acquired Total checkouts Full call number Barcode Date last seen Copy number Price effective from Koha item type
    Library of Congress Classification     Non-fiction Undergraduate Library (Christ Temple) Undergraduate Library (Christ Temple) General stacks 06/02/2025   BV5053.M54 MIL ulct00002815 06/02/2025 1 06/02/2025 Books
© 2023-2024 Copyright: Central University Libraries. All Rights Reserved | Created by: Mahone Tech Office